Great Northern War Combatants - Statistics

General Stats
  • This quiz has been taken 77 times
  • The average score is 9 of 17
Answer Stats
Hint Answer % Correct
Loser Sweden
100%
Victor Denmark-Norway
97%
Switched Sides Poland-Lithuania
97%
Victor Russia
97%
Victor Prussia
81%
Loser Ottoman Empire
71%
Switched sides Great Britain
60%
Loser Netherlands
60%
Victor Saxony
58%
Victor Hanover
34%
Switched Sides Cossack
32%
Loser Wallachia
31%
Loser Crimea
26%
Switched Sides Moldavia
23%
Victor Courland
15%
Victor Kalmyk
5%
Loser Holestein-Gottorp
2%
No matching quizzes found
Score Distribution
Percent of People with Each Score
Percentile by Number Answered
Your Score History
You have not taken this quiz